Personnages et personnalités photographiées avec Forrest Gump - Statistiques

Statistiques générales
  • Ce quiz a été pris 862 fois
  • Le résultat moyen est 5 sur 9
Statistiques - réponses
Par images Réponse % Correct
John F. Kennedy
98%
John Lennon
89%
Elvis Presley
76%
Richard Nixon
65%
Bubba
51%
Lieutenant Dan Taylor
40%
Jenny
37%
Lyndon B. Johnson
26%
Abbie Hoffman
1%
Aucun quiz correspondant
Distribution des résultats
% des personnes avec chaque résultat
Percentile par nombre de réponses
Votre historique - résultats
Vous n’avez pas pris ce quiz